Gaming Quiz

Random Gaming or Logo Quiz

Games by Cufflinks Quiz Stats

 Plays Quiz Updated Dec 17, 2017

Challenge
Share
Tweet
Score 0/20 Timer 05:00
0 Plays Today
% Correct
Sonic the Hedgehog
98.4%
Scrabble
94.8%
Tetris
94%
Pac-Man
93.5%
Chess
93.2%
Angry Birds
93%
Super Mario Bros.
92.8%
Monopoly
91.8%
Snakes and Ladders
91.4%
Tic Tac Toe
90.4%
% Correct
The Legend of Zelda (Link)
84.5%
Trivial Pursuit
81.5%
Backgammon
76.5%
Mahjong
74%
Mortal Kombat
72.6%
Minecraft
72%
Risk
70.7%
Mega Man
61.7%
Halo
59.8%
Settlers of Catan
45.1%

You're not logged in!

Compare scores with friends on all Sporcle quizzes.
OR
Log In

You Might Also Like...

Show Comments

Extras

Top Quizzes Today


Score Distribution

Your Account Isn't Verified!

In order to create a playlist on Sporcle, you need to verify the email address you used during registration. Go to your Sporcle Settings to finish the process.

Report this User

Report this user for behavior that violates our Community Guidelines.

Details: